000 00998cam a2200205 4500
001 ABS66552
008 030327n2003 000 0 eng u
035 _a(Sirsi) u121760
245 _aAJ100
260 _c2003
490 _aArchitects' Journal
_v217(11) 20 March 2003, 37-71(20)
520 _aSurvey of the top 100 UK architectural practices ranked by number of qualified architects. Includes league tables by architectural fee income, total UK fee income, number of qualified architects by region and number of qualified architects globally. The survey also covers the most admired living architects, favourite buildings and perceptions of the future of the profession. Recent additions to the rankings include fee income generated from PFI projects by size and percentage.
590 _aABS
650 _aRANKINGS
650 _aARCHITECTS
650 _aFEE INCOME
650 _aARCHITECTURAL PRACTICES
690 _aMANAGEMENT-BUSINESS MANAGEMENT-PROFESSIONAL PRACTICE
942 _n0
999 _c72364
_d72364